Statistics for European Capitals with Map - One Minute Sprint

Click here to take the quiz!

General Stats

  • This quiz has been taken 228 times
  • The average score is 30 of 44

Answers on the Map

Answers color-coded by a green-red scale on the quiz's map according to % correct below.
Loading ...
 

Answer Stats

Capital% Correct
Paris
98%
London
97%
Oslo
95%
Madrid
94%
Moscow
89%
Dublin
89%
Helsinki
88%
Stockholm
88%
Lisbon
86%
Berlin
86%
Rome/Vatican
85%
Riga
80%
Tallinn
80%
Brussels
79%
Copenhagen
76%
Bern
76%
Vienna
76%
Monaco
76%
Warsaw
74%
Amsterdam
74%
Athens
73%
Kiev
73%
Reykjavik
73%
Vilnius
70%
Minsk
70%
Bucharest
65%
Budapest
64%
Prague
62%
Vaduz
62%
Andorra la Vella
59%
San Marino
59%
Luxembourg
58%
Valletta
55%
Bratislava
52%
Sofia
50%
Belgrade
47%
Zagreb
47%
Chisinau
44%
Skopje
42%
Tirana
41%
Sarajevo
41%
Podgorica
36%
Ljubljana
36%
Pristina
33%

Score Distribution

Percentile by Number Answered

Percent of People with Each Score

Your Score History

You have not taken this quiz